Online
Catalog

Breve introducción a la psicología / (Record no. 1577)

MARC details
000 -CABECERA
campo de control de longitud fija 00945cam a2200265 a 4500
001 - NÚMERO DE CONTROL
campo de control 000001696
005 - FECHA Y HORA DE LA ÚLTIMA TRANSACCIÓN
campo de control 20250520113530.0
008 - DATOS DE LONGITUD FIJA--INFORMACIÓN GENERAL
campo de control de longitud fija 760805s1977 mx a b 001 0 spa
020 ## - NÚMERO INTERNACIONAL ESTÁNDAR DEL LIBRO
Número Internacional Estándar del Libro 0070431361
040 ## - FUENTE DE LA CATALOGACIÓN
Centro catalogador/agencia de origen DO-SdBNP
Lengua de catalogación spa
Centro/agencia transcriptor BNPHU
041 17 - CÓDIGO DE LENGUA
Código de lengua del texto/banda sonora o título independiente spa
Código de lengua original eng
Fuente del código código de idioma Marc
082 ## - NÚMERO DE LA CLASIFICACIÓN DECIMAL DEWEY
Número de clasificación 150
Número de documento/Ítem M847b
100 1# - ENTRADA PRINCIPAL--NOMBRE DE PERSONA
Nombre de persona Morgan, Clifford Thomas.
9 (RLIN) 5518
240 12 - TÍTULO UNIFORME
Título uniforme A Brief Introduction to Psychology.
Lenguaje de la obra Español.
245 10 - MENCIÓN DE TÍTULO
Título Breve introducción a la psicología /
Mención de responsabilidad, etc. Clifford T. Morgan ; traducción de Agustín Bárcena.
260 ## - PUBLICACIÓN, DISTRIBUCIÓN, ETC.
Lugar de publicación, distribución, etc. México, D. F. :
Nombre del editor, distribuidor, etc. [Universidad de Texas],
Fecha de publicación, distribución, etc. [1977]?.
300 ## - DESCRIPCIÓN FÍSICA
Extensión 475 p. :
Otras características físicas il. ;
Dimensiones 20 cm.
534 ## - NOTA SOBRE LA VERSIÓN ORIGINAL
Encabezamiento principal del original Título original:
Mención de título del original A Brief Introduction to Psychology
650 #4 - PUNTO DE ACCESO ADICIONAL DE MATERIA--TÉRMINO DE MATERIA
Término de materia o nombre geográfico como elemento de entrada Psychology.
9 (RLIN) 5519
650 #0 - PUNTO DE ACCESO ADICIONAL DE MATERIA--TÉRMINO DE MATERIA
Término de materia o nombre geográfico como elemento de entrada Psicología
9 (RLIN) 152
650 #4 - PUNTO DE ACCESO ADICIONAL DE MATERIA--TÉRMINO DE MATERIA
Término de materia o nombre geográfico como elemento de entrada Psicología
Subdivisión general Enseñanza
9 (RLIN) 5520
650 #4 - PUNTO DE ACCESO ADICIONAL DE MATERIA--TÉRMINO DE MATERIA
Término de materia o nombre geográfico como elemento de entrada Pruebas psicológicas
9 (RLIN) 1960
700 1# - PUNTO DE ACCESO ADICIONAL--NOMBRE DE PERSONA
Nombre de persona Bárcena, Agustín,
Término indicativo de función/relación tr.
9 (RLIN) 5521
910 ## - DATOS DE OPCIÓN DEL USUARIO (OCLC)
Datos de opción del usuario Catalogación original noche
Holdings
Estado de retiro Estado de pérdida Restricciones de uso No para préstamo Código de colección Localización permanente Ubicación/localización actual Ubicación en estantería Fecha de adquisición Número de inventario Total de préstamos Signatura topográfica completa Código de barras Fecha visto por última vez Precio válido a partir de Tipo de ítem Koha Número de copia
    Préstamo interno   Monografías: Libros y Folletos General General Depósito 03.07.2009 LF1   150 M847b 1696-10 25.06.2020 25.06.2020 Préstamo interno  
      Excluido de préstamo Monografías: Libros y Folletos General General Depósito 03.10.2013 LF1   150 M847b 1696-20 25.06.2020 25.06.2020 No se presta e. 2

Powered by Koha